Aportació de la narrativa de les Illes a les lletres catalanes : Conferència pronunciada al Saló Daurat, 27 de gener de 1976 / per Gabriel Janer i Manila Conferència pronunciada al Saló Daurat, 27 de gener de 1976 / per Gabriel Janer i Manila
Descripción Física:
16 p. ; 24 cm
MARC
| LEADER | 00000nam a2200000Ia 4500 | ||
|---|---|---|---|
| 001 | 7951 | ||
| 008 | 160829s1976 xx 000 0 cat d | ||
| 080 | |a FU-7-12 | ||
| 100 | |a Janer Manila, Gabriel |9 24765 | ||
| 245 | |a Aportació de la narrativa de les Illes a les lletres catalanes : |b Conferència pronunciada al Saló Daurat, 27 de gener de 1976 / per Gabriel Janer i Manila | ||
| 260 | |a Barcelona : |b (Imp. Casa Caritat), |c 1976 | ||
| 300 | |a 16 p. ; |c 24 cm | ||
| 590 | |a Abans del títol: Diputació Provincial de Barcelona. | ||
| 650 | |a Novel·la catalana |x Balears |x S. XX |x Història i crítica |9 24766 | ||
| 710 | 1 | |a Barcelona (Catalunya : Província). |b Diputació |9 52408 | |
| 901 | |a Arxiu | ||
| 942 | |n 1 | ||
| 952 | |0 0 |1 0 |4 0 |6 FU712 |7 1 |9 43309 |a Arxiu |b Arxiu |d 2016-12-01 |l 0 |o FU-7-12 |p 7951 |r 2016-12-01 00:00:00 |w 2016-12-01 |y ARXIU | ||
| 999 | |c 45854 |d 45854 | ||